00425nam a2200109 a 4500008004100000050001700041100001800058245009000076260003400166350000900200500010600209100727s1988 ||||||||||||||||| || u aPAPERS/STAFF aNjeleka, P. J12aA paper on the role of information and documentation services in decision making..... aLusakabResearch Bureauc1988 a0.00 aPaper presented to the workshop on the management of a National and Iinformation System in Zambia....